India in 1925-26: (Record no. 187375)
[ view plain ]
| 000 -LEADER | |
|---|---|
| fixed length control field | 00917 a2200181 4500 |
| 003 - CONTROL NUMBER IDENTIFIER | |
| control field | Nust |
| 005 - DATE AND TIME OF LATEST TRANSACTION | |
| control field | 20230405094018.0 |
| 040 ## - CATALOGING SOURCE | |
| Transcribing agency | Nust |
| 082 ## - DEWEY DECIMAL CLASSIFICATION NUMBER | |
| Classification number | 954,COA |
| 100 ## - MAIN ENTRY--PERSONAL NAME | |
| Personal name | Coatman, J. |
| 9 (RLIN) | 50446 |
| 245 ## - TITLE STATEMENT | |
| Title | India in 1925-26: |
| Remainder of title | A statement prepared for presentation to parliament in accordance with the requirements of the 26th section of the Government of in India Act / |
| Statement of responsibility, etc. | J. Coatman, |
| 260 ## - PUBLICATION, DISTRIBUTION, ETC. | |
| Place of publication, distribution, etc. | India |
| Name of publisher, distributor, etc. | Government of India central Publication Branch |
| Date of publication, distribution, etc. | 1926 |
| 300 ## - PHYSICAL DESCRIPTION | |
| Extent | xviii, 463 p. |
| Other physical details | maps |
| Dimensions | illus |
| Accompanying material | digars |
| Type of unit | 24 cm |
| 505 ## - FORMATTED CONTENTS NOTE | |
| Formatted contents note | The Summer Recess (Page-1), The Simla Sessions (Page-33), The Atman Recess (Page-65), The Delhi Sessions (Page-90), The Provinces 1925-26 (Page-150), India and Her Neighbors (Page-198), The State and the People (Page-228), Finance Commerce Industries and Communication (Page-282). |
| 600 ## - SUBJECT ADDED ENTRY--PERSONAL NAME | |
| Personal name | Coatman, J. |
| 9 (RLIN) | 50446 |
| 650 ## - SUBJECT ADDED ENTRY--TOPICAL TERM | |
| Topical term or geographic name entry element | India in 1925-26 |
| 9 (RLIN) | 111740 |
| 942 ## - ADDED ENTRY ELEMENTS (KOHA) | |
| Source of classification or shelving scheme | |
| Koha item type | Book |
| Call number prefix | 954,COA |
| Withdrawn status | Lost status | Source of classification or shelving scheme | Damaged status | Not for loan | Collection code | Permanent Location | Current Location | Date acquired | Total Checkouts | Full call number | Barcode | Date last seen | Price effective from | Koha item type | Shelving location | Public note |
|---|---|---|---|---|---|---|---|---|---|---|---|---|---|---|---|---|
| Military College of Signals (MCS) | Military College of Signals (MCS) | 12/12/2016 | 954 COA | MCS29432 | 12/08/2016 | 12/12/2016 | Book | |||||||||
| Military College of Signals (MCS) | Military College of Signals (MCS) | 12/12/2016 | 954,COA | MCS29433 | 12/08/2016 | 12/12/2016 | Book | General Stacks | Almirah No.75, Shelf No.7 |
